Changing status of the working women in India. (Record no. 82994)

MARC details
000 -LEADER
fixed length control field 00382nam a2200145Ia 4500
008 - FIXED-LENGTH DATA ELEMENTS--GENERAL INFORMATION
fixed length control field 210210b1974 xxu||||| |||| 00| 0 eng d
020 ## - INTERNATIONAL STANDARD BOOK NUMBER
International Standard Book Number 0 7069 0334 X
082 ## - DEWEY DECIMAL CLASSIFICATION NUMBER
Classification number 305.43 KAPC
100 ## - MAIN ENTRY--PERSONAL NAME
Personal name KAPUR (Promilla).
245 ## - TITLE STATEMENT
Title Changing status of the working women in India.
260 ## - PUBLICATION, DISTRIBUTION, ETC.
Place of publication, distribution, etc. Delhi
Name of publisher, distributor, etc. Vikas Publishing.
Date of publication, distribution, etc. 1974
300 ## - PHYSICAL DESCRIPTION
Extent 178
690 ## - LOCAL SUBJECT ADDED ENTRY--TOPICAL TERM (OCLC, RLIN)
Topical term or geographic name as entry element Women Studies
906 ## - LOCAL DATA ELEMENT F, LDF (RLIN)
a 031879
Holdings
Withdrawn status Lost status Damaged status Not for loan Collection code Home library Current library Shelving location Date acquired Cost, normal purchase price Total Checkouts Full call number Barcode Date last seen Price effective from Koha item type
          St Aloysius Library St Aloysius Library   02/17/2021 0.00   305.43 KAPC 031879 02/17/2021 02/17/2021 Book